[Event "Deutsche Einzelmeisterschaft"]
[Site "Heringsdorf"]
[Date "2000.11.20"]
[Round "4"]
[White "Enders, Peter"]
[Black "Nenaschew, Alexander"]
[Result "0-1"]
[WhiteElo "2468"]
[BlackElo "2642"]
[PlyCount "86"]

1. e4 e5 2. Nf3 Nc6 3. Bb5 a6 4. Ba4 Nf6 5. O-O Be7 6. Re1 b5 7. Bb3 d6 8. c3
O-O 9. h3 Na5 10. Bc2 c5 11. d4 Nd7 12. Nbd2 exd4 13. cxd4 Nc6 14. d5 Nce5 15.
Nxe5 Nxe5 16. f4 Ng6 17. Nf3 f5 18. Qe2 fxe4 19. Bxe4 Ra7 20. Qc2 {#} 20... Bh4
21. Re2 Raf7 22. Bxg6 hxg6 23. Nxh4 Qxh4 24. Qxg6 Rf6 25. Qe4 Qh5 26. Bd2 Bb7
27. Rae1 Bxd5 28. Qe7 Bc6 29. Qc7 Qd5 30. Rf2 Rg6 31. Ree2 Kh7 32. Kh2 Rf5 33.
a3 Rh5 34. Rf3 Qc4 35. f5 Rg4 36. Rff2 36... Qd3 {#} 37. Qxc6 $4 37... Qg3+ 38.
Kg1 Qxh3 39. Rf3 Qh2+ 40. Kf1 Qh1+ 41. Kf2 Rxg2+ 42. Ke3 Rxe2+ 43. Kxe2 Rh2+
0-1

[Event "Deutsche Einzelmeisterschaft"]
[Site "Heringsdorf"]
[Date "2000.11.20"]
[Round "4"]
[White "Gutman, Lev"]
[Black "Bunzmann, Dimitrij"]
[Result "0-1"]
[WhiteElo "2533"]
[BlackElo "2484"]
[PlyCount "106"]

1. Nf3 Nf6 2. g3 d5 3. Bg2 Bf5 4. d3 e6 5. O-O h6 6. c4 Nbd7 7. cxd5 exd5 8.
Nc3 Bh7 9. Be3 Bc5 10. Bxc5 Nxc5 11. Rc1 O-O 12. Nh4 Ne6 13. Qb3 d4 14. Nb1 Rb8
15. Nd2 Re8 16. Rfe1 Qe7 17. Nhf3 c5 18. Qa3 b6 19. Ne5 Nd8 20. f4 Bf5 21. e3
dxe3 22. Ndc4 a5 23. Nxe3 Bc8 24. Qc3 Qd6 25. N3c4 Qf8 26. d4 Bb7 27. Nxb6 Bxg2
28. Nbd7 cxd4 29. Qc2 Qb4 30. Nxb8 30... Ba8 {#} 31. h3 $6 31... Qxb8 32. Nd7
Rxe1+ 33. Rxe1 Qb7 (33... Nxd7 34. Re8+ 34... Nf8 $19) 34. Nxf6+ gxf6 35. Kh2
d3 36. Qd2 Ne6 37. h4 Nd4 38. Kh3 Qc8+ 39. g4 Nf3 40. Rc1 Qd8 41. Qe3 d2 42.
Rd1 Kg7 43. Kg3 Qd5 44. b3 h5 45. g5 Qf5 46. Kf2 Qg4 47. gxf6+ Kxf6 48. Ke2
Nd4+ 49. Kxd2 Qg2+ 50. Kd3 Qc2+ 51. Kxd4 Qxd1+ 52. Kc5 Qd5+ 53. Kb6 Qe6+ 0-1

[Event "Deutsche Einzelmeisterschaft"]
[Site "Heringsdorf"]
[Date "2000.11.20"]
[Round "4"]
[White "Rabiega, Robert"]
[Black "Slobodjan, Roman"]
[Result "1/2-1/2"]
[WhiteElo "2487"]
[BlackElo "2539"]
[PlyCount "45"]

1. e4 e5 2. Nf3 Nc6 3. Bc4 Be7 4. O-O Nf6 5. d3 O-O 6. Re1 d6 7. c3 Na5 8. Bb5
a6 9. Ba4 b5 10. Bc2 c5 11. Nbd2 Nc6 12. Nf1 Re8 13. h3 Qc7 14. a4 Rb8 15. axb5
axb5 16. Ne3 g6 17. Nd5 Nxd5 18. exd5 Nd8 19. d4 Bf8 20. dxe5 dxe5 21. Bg5 Qd6
22. Bxd8 Rxd8 23. Nxe5 1/2-1/2

[Event "Deutsche Einzelmeisterschaft"]
[Site "Heringsdorf"]
[Date "2000.11.20"]
[Round "4"]
[White "Buhmann, Rainer"]
[Black "Mueller, Karsten"]
[Result "1/2-1/2"]
[WhiteElo "2416"]
[BlackElo "2513"]
[PlyCount "87"]

1. d4 d5 2. c4 c6 3. Nc3 Nf6 4. e3 e6 5. Nf3 Nbd7 6. Qc2 Bd6 7. g4 dxc4 8. Bxc4
b5 9. Bd3 Bb7 10. g5 Nd5 11. Ne4 Be7 12. a3 Qa5+ 13. Bd2 b4 14. Ke2 Qb6 15.
Rhc1 b3 16. Qc4 a5 17. Nc5 Bxc5 18. dxc5 Qc7 19. Qg4 Ba6 20. Bxa6 Rxa6 21. e4
Ne7 22. h4 a4 23. h5 Qb7 24. Kf1 Qb5+ 25. Kg2 Nxc5 26. Bc3 Nd3 27. Rd1 O-O 28.
h6 28... Ng6 {#} 29. Rxd3 Qxd3 30. hxg7 Re8 31. Ne5 {#} 31... Qxc3 32. bxc3
Nxe5 33. Qh5 Kxg7 34. Qh6+ Kg8 35. Rh1 Ng6 36. Qxh7+ Kf8 37. Qh6+ Kg8 38. f4
Ra5 39. Kf3 Rc5 40. Qh7+ Kf8 41. Qh6+ Kg8 42. Qh7+ Kf8 43. Qh6+ Kg8 44. Qh7+
1/2-1/2

[Event "Deutsche Einzelmeisterschaft"]
[Site "Heringsdorf"]
[Date "2000.11.20"]
[Round "4"]
[White "Stern, Rene"]
[Black "Heinzel, Olaf"]
[Result "1-0"]
[WhiteElo "2493"]
[BlackElo "2389"]
[PlyCount "95"]

1. Nf3 d5 2. d4 Bf5 3. c4 e6 4. Nc3 c6 5. Qb3 Qb6 6. c5 Qc7 7. Bf4 Qc8 8. e3 h6
9. Be2 Nf6 10. O-O Be7 11. Rfc1 O-O 12. Qd1 Bd8 13. b4 Bc7 14. b5 g5 15. Bxc7
Qxc7 16. h4 gxh4 17. Nxh4 Bh7 18. Bd3 Ne4 19. bxc6 bxc6 20. Bxe4 dxe4 21. g3
21... Nd7 {#} 22. Nxe4 Bxe4 23. Qg4+ Bg6 24. Nxg6 fxg6 25. Qxg6+ Kh8 26. Qxh6+
Kg8 27. Qg6+ Kh8 28. Kg2 Nf6 29. Rh1+ Nh7 30. Rh6 Qf7 31. Qxf7 Rxf7 32. Rxe6
Rb8 33. Rxc6 Rb2 34. Rf1 Nf6 35. Kf3 Rxa2 36. g4 Kg7 37. g5 Nd5+ 38. Ke4 Nb4
39. Re6 a5 40. f4 Rg2 41. Kf3 Rd2 42. g6 Rf6 43. Rxf6 Kxf6 44. Rg1 Kg7 45. Ke4
a4 46. f5 Rf2 47. Ra1 Na2 48. c6 1-0

[Event "Deutsche Einzelmeisterschaft"]
[Site "Heringsdorf"]
[Date "2000.11.20"]
[Round "4"]
[White "Berezovsky, Igor"]
[Black "Naumann, Alexander"]
[Result "1-0"]
[WhiteElo "2404"]
[BlackElo "2489"]
[PlyCount "63"]

1. Nf3 d5 2. d4 c6 3. c4 Nf6 4. e3 a6 5. Bd3 b5 6. b3 Bg4 7. O-O Nbd7 8. Bb2 e6
9. Nbd2 Bh5 10. Qe2 Bb4 11. a3 Bxd2 12. Qxd2 Bg6 13. a4 Bxd3 14. Qxd3 dxc4 15.
bxc4 Nc5 16. Qc2 Nxa4 17. Ba3 Rc8 18. Rfc1 Nb6 19. Nd2 a5 20. Bc5 Na4 21. cxb5
21... cxb5 {#} 22. Rxa4 bxa4 23. Qxa4+ Qd7 24. Qxa5 Qc7 25. Qa3 Qc6 26. Nc4 Ne4
27. Bb4 Qb5 28. f3 f5 29. Bc5 Rxc5 30. dxc5 O-O 31. fxe4 fxe4 32. h3 1-0

[Event "Deutsche Einzelmeisterschaft"]
[Site "Heringsdorf"]
[Date "2000.11.20"]
[Round "4"]
[White "Enigk, Frank"]
[Black "Prusikhin, Mikhailo"]
[Result "0-1"]
[WhiteElo "2195"]
[BlackElo "2460"]
[PlyCount "170"]

1. e4 c5 2. Nf3 e6 3. d4 cxd4 4. Nxd4 a6 5. Bd3 Qb6 6. c3 Qc7 7. O-O Nf6 8. Qe2
d6 9. c4 g6 10. Nc3 Bg7 11. Be3 O-O 12. Rac1 Nbd7 13. Rfd1 b6 14. f3 Bb7 15.
Qf2 Rac8 16. Bf1 Qb8 17. b3 Rfe8 18. Nde2 Bc6 19. Nd4 Ba8 20. a4 Rcd8 21. h3
Nh5 22. Rc2 Be5 23. Nde2 Bf6 24. Rcd2 Be7 25. Rc2 Rc8 26. Rcc1 Nhf6 27. Nd4 Kh8
28. Kh1 Rg8 29. Rb1 g5 30. Nde2 Rg6 31. g3 Rcg8 32. Bg2 Bd8 33. Qe1 Bc7 34. Qd2
h6 35. Qd4 Kh7 36. Qd2 Ne5 37. Nc1 Nh5 38. N3e2 f5 39. exf5 exf5 40. Rf1 f4 41.
Bd4 fxg3 42. Nd3 Qc8 43. Qe3 Qf5 44. Rbd1 Nc6 45. Bc3 Re6 46. Nd4 Rxe3 47. Nxf5
Re2 48. Rfe1 Rge8 49. Nc1 Rxe1+ 50. Bxe1 Ne5 51. Nxg3 Nf4 52. Ne4 Kg6 53. Bb4
Nxf3 54. Bxf3 Bxe4 55. Bxe4+ Rxe4 56. Bxd6 Bxd6 57. Rxd6+ Kh5 58. Nd3 Nxd3 59.
Rxd3 {#} 59... Kh4 60. a5 bxa5 61. c5 a4 62. bxa4 Rc4 63. Kg2 Rc2+ 64. Kg1 Rxc5
65. Ra3 a5 66. Kg2 Rc2+ 67. Kg1 Kh5 68. Kh1 Kg6 69. Kg1 Kf5 70. Rb3 Kf4 71. Rb5
Ra2 72. Rxa5 Kg3 73. Rf5 Rxa4 74. Rf1 Ra2 75. Rb1 Kxh3 76. Rc1 h5 77. Rb1 g4
78. Rb3+ g3 79. Rb1 Re2 80. Ra1 h4 81. Rb1 Re4 82. Ra1 Kg4 83. Rf1 h3 84. Ra1
h2+ 85. Kh1 Kh3 0-1

[Event "Deutsche Einzelmeisterschaft"]
[Site "Heringsdorf"]
[Date "2000.11.20"]
[Round "4"]
[White "Naiditsch, Arkadij"]
[Black "Bruch, Jochen"]
[Result "1-0"]
[WhiteElo "2449"]
[BlackElo "2336"]
[PlyCount "61"]

1. e4 c5 2. Nf3 e6 3. d4 cxd4 4. Nxd4 Nf6 5. Nc3 d6 6. g4 h6 7. h3 Nc6 8. Bg2
Bd7 9. Be3 a6 10. f4 Qc7 11. Qf3 O-O-O 12. Qf2 Re8 13. O-O-O 13... Na5 $2 {#}
14. Nxe6 Rxe6 15. Bb6 Qc4 16. Bxa5 Qc5 17. Bb6 Qxf2 18. Bxf2 Bc6 19. Rhe1 Kc7
20. Bg3 Nd7 21. Rd2 Re8 22. Red1 Be7 23. Nd5+ Bxd5 24. Rxd5 Nb6 25. R5d3 Rd8
26. e5 Rd7 27. f5 Nc8 28. c4 Kd8 29. c5 Ke8 30. cxd6 Bg5+ 31. Kb1 1-0

[Event "Deutsche Einzelmeisterschaft"]
[Site "Heringsdorf"]
[Date "2000.11.20"]
[Round "4"]
[White "Sielecki, Christof"]
[Black "Knuth, Hannes"]
[Result "1/2-1/2"]
[WhiteElo "2424"]
[BlackElo "2308"]
[PlyCount "95"]

1. Nf3 Nf6 2. g3 g6 3. b3 Bg7 4. Bb2 b5 5. Bg2 Bb7 6. O-O O-O 7. c4 a6 8. d4 d6
9. Nbd2 Nbd7 10. Qc2 e6 11. e4 c5 12. d5 e5 13. Ne1 Ng4 14. h3 Nh6 15. Nd3 f5
16. f4 Qe7 17. Rae1 Rae8 18. Kh2 Bc8 19. exf5 gxf5 20. fxe5 Nxe5 21. Nf3 Nhf7
22. Nfxe5 {#} 22... dxe5 23. cxb5 e4 24. Bxg7 Kxg7 25. Qxc5 Qxc5 26. Nxc5 axb5
27. a4 bxa4 28. bxa4 Re5 29. Ra1 Rxd5 30. Rfc1 Ne5 31. a5 Rf7 32. a6 Ra7 33. g4
fxg4 34. Bxe4 Rd2+ 35. Kg3 gxh3 36. Bb7 Bf5 37. Kf4 Kf6 38. Ne4+ Bxe4 39. Kxe4
Re2+ 40. Kd5 h2 41. Kd6 Nd3 42. Rf1+ Kg5 43. Kc7 Rb2 44. Rfb1 Rxb1 45. Rxb1 Nb4
46. Kb6 Rxa6+ 47. Bxa6 Nxa6 48. Rh1 1/2-1/2

[Event "Deutsche Einzelmeisterschaft"]
[Site "Heringsdorf"]
[Date "2000.11.20"]
[Round "4"]
[White "Siebrecht, Sebastian"]
[Black "Bischoff, Klaus"]
[Result "1-0"]
[WhiteElo "2376"]
[BlackElo "2556"]
[PlyCount "71"]

1. d4 Nf6 2. Nf3 e6 3. g3 d5 4. Bg2 Be7 5. O-O b5 6. b3 Nbd7 7. c4 c6 8. Nbd2
bxc4 9. bxc4 O-O 10. Qc2 Ba6 11. Re1 Qa5 12. e4 Rfc8 13. e5 Ne8 14. c5 Bb5 15.
Nb3 Qa6 16. Bg5 Bf8 17. Bf4 Be7 18. h4 h6 19. g4 Nf8 20. Qd2 Rcb8 21. h5 Qc8
22. g5 hxg5 23. Bxg5 Bxg5 24. Nxg5 a5 25. Qf4 Rb7 26. Re3 a4 27. Nd2 a3 28. Rg3
Qb8 29. h6 29... f6 {#} 30. Bh3 fxg5 31. Qxf8+ Kxf8 32. h7 Ke7 33. h8=Q Ra4 34.
Qh5 Rxd4 35. Qxg5+ Kf8 36. Bxe6 1-0

[Event "Deutsche Einzelmeisterschaft"]
[Site "Heringsdorf"]
[Date "2000.11.20"]
[Round "4"]
[White "Zeller, Frank"]
[Black "Holzhaeuer, Mathias"]
[Result "0-1"]
[WhiteElo "2434"]
[BlackElo "2362"]
[PlyCount "80"]

1. e4 d5 2. exd5 Nf6 3. Nf3 Nxd5 4. d4 Bg4 5. h3 Bh5 6. c4 Nb6 7. c5 N6d7 8.
Qb3 b6 9. Qd5 Bxf3 10. Qxf3 c6 11. Bg5 bxc5 12. Bc4 Nf6 13. Bxf6 exf6 14. Qb3
Qc7 15. O-O cxd4 16. Bxf7+ Kd8 17. Rd1 Nd7 18. Rxd4 Bc5 19. Rd2 Rb8 20. Qe6 Rb4
21. Nc3 Rd4 22. Rad1 Qe5 23. Ne2 Rxd2 24. Rxd2 Qc7 25. Nf4 Kc8 26. Qc4 Bb6 27.
Be6 27... Rd8 {#} 28. Qd3 $2 28... Qxf4 29. Bxd7+ Kc7 30. g3 Qe5 31. Kg2 Qe7
32. Re2 Qxd7 33. Qxh7 Qd5+ 34. Kh2 Rd7 35. Qh8 Kb7 36. h4 Qf3 37. Qe8 Rc7 38.
Kg1 Qxg3+ 39. Kf1 Qxh4 40. Ke1 Qh1+ 0-1

[Event "Deutsche Einzelmeisterschaft"]
[Site "Heringsdorf"]
[Date "2000.11.20"]
[Round "4"]
[White "Wisnewski, Christoph"]
[Black "Meins, Gerlef"]
[Result "1/2-1/2"]
[WhiteElo "2140"]
[BlackElo "2426"]
[PlyCount "99"]

1. e4 c5 2. c3 Nf6 3. e5 Nd5 4. d4 cxd4 5. cxd4 e6 6. Nf3 b6 7. a3 Bb7 8. Bd3
Be7 9. O-O Nc6 10. Nbd2 O-O 11. Ne4 f5 12. exf6 Nxf6 13. Re1 Kh8 14. b4 Rc8 15.
Neg5 Qe8 16. Ne5 16... Nxd4 {#} 17. Nxh7 Nxh7 18. Bg6 Nf3+ 19. gxf3 Qd8 20. f4
Nf6 21. f5 Kg8 22. Bg5 exf5 23. Bxf6 Rxf6 24. Qh5 Rxg6+ 25. Qxg6 Bd5 26. Rad1
Be6 27. Rd3 Bf6 28. Rh3 Qc7 29. Qh7+ Kf8 30. Ng6+ Kf7 31. Qh5 Kg8 32. Nh4 Qc2
33. Nf3 f4 34. Rxe6 $2 34... dxe6 35. Ng5 $4 35... Bxg5 36. Qxg5 Qd1+ (36...
Qc1+ 37. Kg2 f3+) 37. Kg2 37... Qd5+ $2 38. Qxd5 exd5 39. Rd3 Rd8 40. Kf3 g5
41. Kg4 Kf7 42. Kxg5 Rh8 43. h3 Ke6 44. Kxf4 Rh4+ 45. Kg3 Rc4 46. Kf3 a5 47.
bxa5 bxa5 48. Ke3 Rh4 49. Kd2 Rf4 50. Ke3 1/2-1/2

[Event "Deutsche Einzelmeisterschaft"]
[Site "Heringsdorf"]
[Date "2000.11.20"]
[Round "4"]
[White "Voekler, Bernd"]
[Black "Reeh, Oliver"]
[Result "1-0"]
[WhiteElo "2345"]
[BlackElo "2420"]
[PlyCount "71"]

1. e4 c5 2. Nf3 d6 3. d4 cxd4 4. Nxd4 Nf6 5. Nc3 Nc6 6. Bg5 Bd7 7. Qd2 Rc8 8.
f4 h6 9. Bxf6 gxf6 10. O-O-O Nxd4 11. Qxd4 Qa5 12. Kb1 Qc5 13. Qd2 e6 14. Bd3
b5 15. e5 f5 16. exd6 Bg7 17. Ne2 Rc6 18. Ng3 b4 19. Nh5 Bc3 20. Qe2 Bd4 21.
Bxf5 Rxd6 22. Ng3 Qa5 23. Bd3 Bc6 24. Nf5 Rd8 25. Nxd4 Rxd4 26. f5 e5 27. Rhe1
e4 28. Bxe4 Rxe4 29. Qc4 Qd5 30. Qxe4+ Qxe4 31. Rxe4+ Bxe4 32. Re1 Rg8 33.
Rxe4+ Kd7 34. g3 Rg5 35. Rxb4 Rxf5 36. Rf4 1-0

[Event "Deutsche Einzelmeisterschaft"]
[Site "Heringsdorf"]
[Date "2000.11.20"]
[Round "4"]
[White "Paulsen, Dirk"]
[Black "Schramm, Christian"]
[Result "1-0"]
[WhiteElo "2431"]
[BlackElo "2326"]
[PlyCount "85"]

1. e4 c5 2. Nf3 d6 3. Bc4 Nf6 4. d3 a6 5. Bb3 Nc6 6. c3 e6 7. O-O Be7 8. Re1
O-O 9. Nbd2 b5 10. Nf1 Bb7 11. h3 Rc8 12. Ng3 Ne5 13. Bc2 Nxf3+ 14. Qxf3 Re8
15. Qe2 Nd7 16. Bf4 Ne5 17. Nf1 Bf6 18. Rad1 Qa5 19. d4 cxd4 20. cxd4 Nc6 21.
e5 {#} 21... Nxd4 22. Bxh7+ Kxh7 23. Qd3+ g6 24. exf6 e5 25. Bd2 Qxa2 26. Qe3
Nf5 27. Qg5 27... Rc4 $6 $138 28. Ng3 Rh4 29. Nxf5 Rh5 30. Qg4 Rxf5 31. Bg5 Qc4
32. Rxd6 $2 $138 32... Qxg4 33. hxg4 Rxg5 34. f3 Rf8 35. Kf2 Bc8 36. Kg3 36...
Be6 $2 $138 37. Rh1+ Kg8 38. Kh4 Rxg4+ 39. fxg4 Rc8 40. Kg5 a5 41. Rxe6 fxe6
42. Kxg6 Rc4 43. f7+ 1-0

[Event "Deutsche Einzelmeisterschaft"]
[Site "Heringsdorf"]
[Date "2000.11.20"]
[Round "4"]
[White "Hammes, Michael"]
[Black "Bischoff, Dieter"]
[Result "1/2-1/2"]
[WhiteElo "2401"]
[BlackElo "2194"]
[PlyCount "42"]

1. d4 Nf6 2. c4 c5 3. d5 b5 4. cxb5 a6 5. b6 d6 6. Nc3 g6 7. Nf3 Bg7 8. e4 Nbd7
9. a4 Qxb6 10. a5 Qd8 11. h3 O-O 12. Be2 Rb8 13. O-O Ne8 14. Ra2 Nc7 15. Be3 f5
16. exf5 Rxf5 17. Bd3 Rf8 18. Qd2 {#} 18... Rxf3 19. gxf3 Ne5 20. Kg2 Nxd3 21.
Qxd3 Bf5 1/2-1/2

[Event "Deutsche Einzelmeisterschaft"]
[Site "Heringsdorf"]
[Date "2000.11.20"]
[Round "4"]
[White "Senff, Martin"]
[Black "Baramidze, David"]
[Result "1/2-1/2"]
[WhiteElo "2354"]
[BlackElo "2242"]
[PlyCount "131"]

1. f4 d5 2. b3 c5 3. e3 e6 4. Bb2 Nf6 5. Nf3 Bd6 6. Bb5+ Bd7 7. Bxd7+ Nbxd7 8.
O-O O-O 9. Qe1 Qc7 10. Qg3 d4 11. Na3 Ne4 12. Qh4 dxe3 13. d3 Nef6 14. Nb5 Qb6
15. Nxd6 Qxd6 16. Rae1 Nd5 17. Ng5 h6 18. Ne4 Qe7 19. Qxe7 Nxe7 20. Rxe3 Rac8
21. Nd6 Rc6 22. Nc4 Nd5 23. Re2 b5 24. Ne3 Ne7 25. c4 a6 26. d4 bxc4 27. Nxc4
cxd4 28. Bxd4 Nf5 29. Bb2 Rfc8 30. Kf2 Nb6 31. Nxb6 Rxb6 32. Rc1 Rxc1 33. Bxc1
Rc6 34. Bb2 Ne7 35. Rd2 Nd5 36. f5 g6 37. fxg6 fxg6 38. Kf3 Kf7 39. Rf2 Ke7 40.
Ke4 a5 41. g4 Nc3+ 42. Kd3 Nd5 43. Bg7 h5 44. gxh5 gxh5 45. Bf8+ Kd7 46. Kd4
Ne7 47. Rf7 Ke8 48. Rxe7+ Kxf8 49. Ra7 Rc2 50. Rxa5 50... Rxh2 {#} 51. a4 h4
52. Rh5 h3 53. b4 Rh1 54. Kc5 h2 55. Kb5 e5 56. a5 e4 57. Rh3 e3 58. Rf3+ Kg7
59. Rxe3 Rg1 60. Rh3 h1=Q 61. Rxh1 Rxh1 62. a6 Kf6 63. Kb6 Ke6 64. a7 Ra1 65.
Kb7 Kd5 66. b5 1/2-1/2

[Event "Deutsche Einzelmeisterschaft"]
[Site "Heringsdorf"]
[Date "2000.11.20"]
[Round "4"]
[White "Heck, Norbert"]
[Black "Glienke, Manfred Dr"]
[Result "1/2-1/2"]
[WhiteElo "2340"]
[BlackElo "2348"]
[PlyCount "113"]

1. Nf3 Nf6 2. c4 d6 3. d4 Bg4 4. g3 Bxf3 5. exf3 c6 6. Bg2 g6 7. O-O Bg7 8. f4
O-O 9. Re1 e6 10. b3 Nbd7 11. Bb2 d5 12. Nd2 b5 13. Qc2 bxc4 14. bxc4 Rb8 15.
Ba3 Re8 16. Bd6 Rc8 17. Rab1 Bf8 18. Bxf8 Rxf8 19. Qa4 c5 20. cxd5 exd5 21.
dxc5 Rxc5 22. Nb3 Rc7 23. Rbd1 Nb6 24. Qb5 Qd7 25. Qxd7 Rxd7 26. Nd4 Re8 27.
Re5 Nc4 28. Rxe8+ Nxe8 29. Nc6 Nb6 30. Bxd5 Nxd5 31. Rxd5 Rc7 32. Ne5 f6 33.
Nd3 Rc3 34. Nc5 Ra3 35. Rd2 Ra5 36. Nb3 Ra3 37. Kf1 f5 38. Ke1 Nf6 39. f3 h5
40. h4 a5 41. Ke2 Kf7 42. Nc5 Ke7 43. Kf2 Rc3 44. Nd3 Nd7 45. Ke2 Ke6 46. Rb2
Ra3 47. Rc2 Kd5 48. Rd2 Ke6 49. Kf2 Rc3 50. Ke1 Ra3 51. Ke2 Rc3 52. Kd1 Ke7 53.
Ne1 Ra3 54. Re2+ Kd6 55. Kc1 Nb6 56. Kb1 Nc4 57. Re8 1/2-1/2

[Event "Deutsche Einzelmeisterschaft"]
[Site "Heringsdorf"]
[Date "2000.11.20"]
[Round "4"]
[White "Pfretzschner, Roland"]
[Black "Alber, Horst"]
[Result "0-1"]
[WhiteElo "2295"]
[BlackElo "2340"]
[PlyCount "102"]

1. e4 g6 2. d4 d6 3. Nc3 c6 4. g3 b5 5. Bg2 Bg7 6. Nf3 Qc7 7. O-O e5 8. a3 a6
9. h3 Nf6 10. Be3 Nbd7 11. Nh4 O-O 12. f4 exd4 13. Bxd4 Bb7 14. Bf2 Rfe8 15.
Re1 Rad8 16. Qd2 Nb6 17. b3 a5 18. Rad1 b4 19. axb4 axb4 20. Na4 Nxa4 21. bxa4
c5 22. Qd3 Bc6 23. Qc4 Nd7 24. a5 Bc3 25. Re3 25... Qxa5 {#} 26. Rxd6 Nb6 27.
Qd3 Qa1+ 28. Kh2 c4 29. Rxd8 cxd3 30. Rexd3 Nc4 31. Rxe8+ Bxe8 32. Rd8 Qa4 33.
e5 Kg7 34. Bc5 Nxe5 35. fxe5 Bxe5 36. Nf3 Bc3 37. Ng5 Bf6 38. Ra8 Qb5 39. Ne4
Be5 40. Rc8 h5 41. h4 Bd7 42. Rd8 g5 43. Nxg5 Qxc5 44. Rxd7 Bxg3+ 45. Kh1 Qxc2
46. Rxf7+ Kg8 47. Rf1 Qc4 48. Ne4 b3 49. Nf6+ Kh8 50. Bh3 Qxh4 51. Kg2 Be5 0-1

[Event "Deutsche Einzelmeisterschaft"]
[Site "Heringsdorf"]
[Date "2000.11.20"]
[Round "4"]
[White "Barmbold, Jens"]
[Black "Woll, Wilfried"]
[Result "0-1"]
[WhiteElo "2270"]
[BlackElo "2170"]
[PlyCount "84"]

1. d4 Nf6 2. c4 g6 3. Nc3 Bg7 4. e4 d6 5. Be2 c6 6. Be3 O-O 7. g4 Qa5 8. Kf1 d5
9. e5 Ne4 10. Nxe4 dxe4 11. Qc2 c5 12. d5 Bxe5 13. Bh6 Re8 14. Qxe4 Bxb2 15.
Rb1 Bh8 16. Rb3 Qxa2 17. Rg3 Nd7 18. h4 Nf6 19. Qd3 Qa1+ 20. Kg2 Qd4 21. Qc2
Qe4+ 22. Qxe4 Nxe4 23. Re3 Nf6 24. g5 Ng4 25. Bxg4 Bxg4 26. f3 Bf5 27. Ne2 a5
28. Re1 a4 29. Nf4 29... a3 {#} 30. d6 e6 31. Nd5 Bd4 32. Nc7 Bxe3 33. d7 Red8
34. Nxa8 a2 35. Ra1 Bb1 36. Nb6 Bd4 37. Rxa2 Bxa2 38. Kf1 Be5 39. Ke2 Bc7 40.
Na4 Bxc4+ 41. Ke3 Rxd7 42. Nxc5 Bb6 0-1

[Event "Deutsche Einzelmeisterschaft"]
[Site "Heringsdorf"]
[Date "2000.11.20"]
[Round "4"]
[White "Valet, Richard"]
[Black "Braun, Peter"]
[Result "1/2-1/2"]
[WhiteElo "2148"]
[BlackElo "2264"]
[PlyCount "43"]

1. e4 Nf6 2. e5 Nd5 3. d4 d6 4. c4 Nb6 5. f4 dxe5 6. fxe5 Nc6 7. Be3 Bf5 8. Nc3
e6 9. Nf3 Be7 10. Be2 O-O 11. O-O f6 12. Nh4 fxe5 13. Nxf5 exf5 14. d5 Na5 15.
c5 Nbc4 16. Bxc4 Nxc4 17. Bf2 Bg5 18. Qe2 b5 19. cxb6 Nxb6 20. Qxe5 Qd6 21.
Rae1 Bf6 22. Qe6+ 1/2-1/2

[Event "Deutsche Einzelmeisterschaft"]
[Site "Heringsdorf"]
[Date "2000.11.20"]
[Round "4"]
[White "Heinrich, Alexander Dr"]
[Black "Stahr, Ralf-Peter"]
[Result "1-0"]
[WhiteElo "2146"]
[BlackElo "2144"]
[PlyCount "113"]

1. e4 c5 2. Nc3 Nc6 3. g3 g6 4. Bg2 Bg7 5. d3 e6 6. f4 Nge7 7. Nf3 d5 8. O-O
Bd7 9. exd5 exd5 10. Re1 O-O 11. Ne5 Nxe5 12. fxe5 d4 13. Ne4 Bc6 14. Bf4 Bxe4
15. Bxe4 Nc6 16. e6 fxe6 17. Bxc6 e5 18. Bxe5 Bxe5 19. Rxe5 bxc6 20. Qe2 Rb8
21. b3 Rb7 22. Rf1 Rxf1+ 23. Qxf1 Rf7 24. Qe2 Qf6 25. Re8+ Kg7 26. Kg2 Qf5 27.
Re5 Qf6 28. Re6 28... Qg5 {#} 29. Qe5+ Qxe5 30. Rxe5 Rf5 31. Re8 g5 32. Rc8 Rf6
33. Rc7+ Kg6 34. Rxa7 Re6 35. Kf2 Rf6+ 36. Ke2 Re6+ 37. Kd2 h5 38. a4 Kf5 39.
a5 Kg4 40. a6 Rh6 41. Rb7 Rh8 42. a7 Ra8 43. Rg7 Re8 44. Re7 Rf8 45. Ke2 h4 46.
Rf7 Re8+ 47. Kf2 h3 48. Re7 Ra8 49. Ke2 Rc8 50. Rf7 Re8+ 51. Kd2 Kh5 52. Kc1
Ra8 53. Kb2 Kg6 54. Rb7 Kf5 55. Ka3 Kg4 56. Rf7 Re8 57. Ka4 1-0